Discurso leído por el Excmo. D. José Aldecoa y Villasante, presidente del Tribunal Supremo, en la solemne apertura de los tribunales celebrada el 15 de septiembre de 1914 / (Record no. 22359)

MARC details
000 -LEADER
campo de control de longitud fija 00577nam a2200157 i 4500
001 - NÚMERO DE CONTROL
campo de control 22359
003 - IDENTIFICADOR DE NÚMERO DE CONTROL
campo de control ES-MaACL
005 - FECHA Y HORA DE LA ÚLTIMA TRANSACCIÓN
campo de control 20230906152659.0
007 - CAMPO FIJO DE DESCRIPCIÓN FÍSICA--INFORMACIÓN GENERAL
campo de control de longitud fija t|
008 - DATOS DE LONGITUD FIJA--INFORMACIÓN GENERAL
campo de control de longitud fija 021202s1914 sp ||||1| spa d
100 1# - ENTRADA PRINCIPAL--NOMBRE DE PERSONA
Nombre de persona Aldecoa y Villasante, José.
9 (RLIN) 19633
245 10 - MENCIÓN DEL TÍTULO
Título Discurso leído por el Excmo. D. José Aldecoa y Villasante, presidente del Tribunal Supremo, en la solemne apertura de los tribunales celebrada el 15 de septiembre de 1914 /
Mención de responsabilidad, etc. José Aldecoa y Villasante.
260 ## - PUBLICACIÓN, DISTRIBUCIÓN, ETC.
Lugar de publicación, distribución, etc. Madrid :
Nombre del editor, distribuidor, etc. La Editora,
Fecha de publicación, distribución, etc. 1914.
300 ## - DESCRIPCIÓN FÍSICA
Extensión 60 p. ;
Dimensiones 25 cm.
852 ## - LOCALIZACIÓN
Ubicación ES-MaACL
Número de control de estantería F-8972
Holdings
Estatus retirado Estado de pérdida Estado de daño No para préstamo Biblioteca de origen Biblioteca actual Ubicación en estantería Fecha de adquisición Fuente de adquisición Total de préstamos Signatura topográfica completa Código de barras Visto por última vez Precio de reemplazo Tipo de ítem Koha
        Biblioteca del Ateneo de Madrid Biblioteca del Ateneo de Madrid Sala Pecera Planta 2 17/01/2008     F-8972 1023016 23/02/2023 23/02/2023 Libro impreso